<?xml version="1.0" encoding="UTF-8"?>
<collection xmlns="http://www.loc.gov/MARC21/slim">
 <record>
  <leader>01749nam a22004697a 4500</leader>
  <controlfield tag="001">000096004</controlfield>
  <controlfield tag="003">CZ-PrVSE</controlfield>
  <controlfield tag="005">20100531092436.0</controlfield>
  <controlfield tag="007">ta</controlfield>
  <controlfield tag="008">070215s2006    xr d   frb    000 0 cze d</controlfield>
  <datafield tag="015" ind1=" " ind2=" ">
   <subfield code="a">cnb001691641</subfield>
  </datafield>
  <datafield tag="020" ind1=" " ind2=" ">
   <subfield code="a">80-86754-67-7</subfield>
   <subfield code="q">(brož.)</subfield>
  </datafield>
  <datafield tag="040" ind1=" " ind2=" ">
   <subfield code="a">JHD001</subfield>
   <subfield code="b">cze</subfield>
   <subfield code="c">JHD001</subfield>
   <subfield code="d">JHD001</subfield>
  </datafield>
  <datafield tag="072" ind1=" " ind2="7">
   <subfield code="a">339.5</subfield>
   <subfield code="x">Zahraniční obchod. Mezinárodní obchod</subfield>
   <subfield code="2">Konspekt</subfield>
   <subfield code="9">4</subfield>
  </datafield>
  <datafield tag="072" ind1=" " ind2="9">
   <subfield code="a">382</subfield>
   <subfield code="x">International commerce (foreign trade)</subfield>
   <subfield code="2">Conspectus</subfield>
   <subfield code="9">4</subfield>
  </datafield>
  <datafield tag="080" ind1=" " ind2=" ">
   <subfield code="a">339.5</subfield>
   <subfield code="2">MRF</subfield>
  </datafield>
  <datafield tag="080" ind1=" " ind2=" ">
   <subfield code="a">658.8:005</subfield>
   <subfield code="2">MRF</subfield>
  </datafield>
  <datafield tag="080" ind1=" " ind2=" ">
   <subfield code="a">658.8:339.564</subfield>
   <subfield code="2">MRF</subfield>
  </datafield>
  <datafield tag="080" ind1=" " ind2=" ">
   <subfield code="a">(075.8)</subfield>
   <subfield code="2">MRF</subfield>
  </datafield>
  <datafield tag="099" ind1=" " ind2="9">
   <subfield code="a">658.8HAV</subfield>
  </datafield>
  <datafield tag="100" ind1="1" ind2=" ">
   <subfield code="a">Havlíček, Karel,</subfield>
   <subfield code="d">1969-</subfield>
   <subfield code="7">mzk2005271819</subfield>
   <subfield code="4">aut</subfield>
  </datafield>
  <datafield tag="245" ind1="1" ind2="0">
   <subfield code="a">Marketingové řízení zahraničního obchodu /</subfield>
   <subfield code="c">Karel Havlíček, Milan Kašík</subfield>
  </datafield>
  <datafield tag="250" ind1=" " ind2=" ">
   <subfield code="a">1. vyd.</subfield>
  </datafield>
  <datafield tag="260" ind1=" " ind2=" ">
   <subfield code="a">Praha :</subfield>
   <subfield code="b">Vysoká škola finanční a správní,</subfield>
   <subfield code="c">2006</subfield>
  </datafield>
  <datafield tag="300" ind1=" " ind2=" ">
   <subfield code="a">104 s. :</subfield>
   <subfield code="b">il.</subfield>
  </datafield>
  <datafield tag="490" ind1="1" ind2=" ">
   <subfield code="a">Učební texty</subfield>
  </datafield>
  <datafield tag="500" ind1=" " ind2=" ">
   <subfield code="a">Vydala Vysoká škola finanční a správní v edici Europress (nakl.)</subfield>
  </datafield>
  <datafield tag="504" ind1=" " ind2=" ">
   <subfield code="a">Obsahuje bibliografii</subfield>
  </datafield>
  <datafield tag="650" ind1="0" ind2="7">
   <subfield code="a">zahraniční obchod</subfield>
   <subfield code="7">ph116729</subfield>
   <subfield code="2">czenas</subfield>
  </datafield>
  <datafield tag="650" ind1="0" ind2="7">
   <subfield code="a">marketingový management</subfield>
   <subfield code="7">ph115229</subfield>
   <subfield code="2">czenas</subfield>
  </datafield>
  <datafield tag="650" ind1="0" ind2="7">
   <subfield code="a">mezinárodní marketing</subfield>
   <subfield code="7">ph122808</subfield>
   <subfield code="2">czenas</subfield>
  </datafield>
  <datafield tag="655" ind1=" " ind2="7">
   <subfield code="a">učebnice</subfield>
   <subfield code="7">fd133770</subfield>
   <subfield code="2">czenas</subfield>
  </datafield>
  <datafield tag="650" ind1="0" ind2="9">
   <subfield code="a">foreign trade</subfield>
   <subfield code="2">eczenas</subfield>
  </datafield>
  <datafield tag="650" ind1="0" ind2="9">
   <subfield code="a">marketing management</subfield>
   <subfield code="2">eczenas</subfield>
  </datafield>
  <datafield tag="650" ind1="0" ind2="9">
   <subfield code="a">international marketing</subfield>
   <subfield code="2">eczenas</subfield>
  </datafield>
  <datafield tag="655" ind1=" " ind2="9">
   <subfield code="a">textbooks</subfield>
   <subfield code="2">eczenas</subfield>
  </datafield>
  <datafield tag="700" ind1="1" ind2=" ">
   <subfield code="a">Kašík, Milan,</subfield>
   <subfield code="d">1948-</subfield>
   <subfield code="7">jk01053149</subfield>
   <subfield code="4">aut</subfield>
  </datafield>
  <datafield tag="810" ind1="2" ind2=" ">
   <subfield code="a">Vysoká škola finanční a správní.</subfield>
   <subfield code="t">Učební texty</subfield>
  </datafield>
  <datafield tag="993" ind1=" " ind2=" ">
   <subfield code="a">002819146</subfield>
  </datafield>
  <datafield tag="996" ind1=" " ind2=" ">
   <subfield code="1">HSKL1</subfield>
   <subfield code="3">B 938-V1</subfield>
   <subfield code="4">N:P</subfield>
   <subfield code="5">4202125925</subfield>
   <subfield code="8">20070215</subfield>
   <subfield code="9">658.8HAV</subfield>
   <subfield code="f">81</subfield>
   <subfield code="l">UEP01</subfield>
   <subfield code="m">BOOK</subfield>
   <subfield code="q">Knihovna FM JH sklad I</subfield>
   <subfield code="t">na 1 měsíc</subfield>
   <subfield code="u">UEP01</subfield>
   <subfield code="w">20070215</subfield>
  </datafield>
 </record>
</collection>
